আধুনিক বাঙালি রামমোহন রায় / (Record no. 13093)
[ view plain ]
| 000 -LEADER | |
|---|---|
| fixed length control field | 00770nam a2200229 a 4500 |
| 001 - CONTROL NUMBER | |
| JCCL Control Number | 13093 |
| 003 - CONTROL NUMBER IDENTIFIER | |
| JCCL marc code | BD-JhCC |
| 005 - DATE AND TIME OF LATEST TRANSACTION | |
| control field | 20230710091330.0 |
| 008 - FIXED-LENGTH DATA ELEMENTS--GENERAL INFORMATION | |
| fixed length control field | 171115s20172019bg |||| |||| 00| 0 ben d |
| 035 ## - SYSTEM CONTROL NUMBER | |
| system control number | (BD-JhCC)13093 |
| 040 ## - CATALOGING SOURCE | |
| Original cataloging agency | BD-JhCC |
| Modifying agency | BD-JhCC |
| 041 ## - LANGUAGE CODE | |
| Language code of Book | ben |
| 082 ## - DEWEY DECIMAL CLASSIFICATION NUMBER | |
| Classification number | 923 |
| Author mark and Year | KHA 2019 |
| 100 ## - MAIN ENTRY--PERSONAL NAME | |
| Personal name | ইসলাম, কামরুল |
| 245 ## - TITLE STATEMENT | |
| Title | আধুনিক বাঙালি রামমোহন রায় / |
| Statement of responsibility, etc | কামরুল ইসলাম |
| 260 ## - PUBLICATION, DISTRIBUTION, ETC. (IMPRINT) | |
| Place of publication, distribution, etc | ঢাকা : |
| Name of publisher, distributor, etc | চিত্র প্রকাশনী, |
| Date of publication, distribution, etc | ২০১৯ |
| 300 ## - PHYSICAL DESCRIPTION | |
| Pagination | ২০৩ পৃ. : |
| Dimensions | ২১ সেমি.. |
| 504 ## - BIBLIOGRAPHY, ETC. NOTE | |
| Bibliography, etc | নির্ঘন্ট অন্তভূক্ত। |
| 600 ## - SUBJECT ADDED ENTRY--PERSONAL NAME | |
| Personal name | Roy, Rammahan |
| 650 ## - SUBJECT ADDED ENTRY--TOPICAL TERM | |
| Topical term or geographic name as entry element | Biography |
| 942 ## - ADDED ENTRY ELEMENTS (KOHA) | |
| Source of classification or shelving scheme | Dewey Decimal Classification |
| Koha item type | Books |
| Source of classification or shelving scheme | Damaged status | Not for loan | Home library | Current library | Shelving location | Date of accession | Source of acquisition | Cost, normal purchase price | Total Checkouts | Full call number | Barcode | Date last seen | Copy number | Method of acquisition | Koha item type | Currency |
|---|---|---|---|---|---|---|---|---|---|---|---|---|---|---|---|---|
| Dewey Decimal Classification | JCC Rouf Library | JCC Rouf Library | General Stacks | 06/22/2023 | জাতীয় গ্রন্থকেন্দ্র | 350.00 | 923 KHA 2019 | 17864 | 07/10/2023 | C-1 | Gift/Donation | Books | BDT |